[Event "MARIENBAD OPEN 2020 - A, B - closed tournaments"]
[Site "?"]
[Date "2020.01.21"]
[Round "5"]
[White "Nguyen, Alex Dac-Vuong"]
[Black "Vetokhin, Savva"]
[Result "0-1"]
[BlackElo "2113"]
[WhiteElo "2401"]
[LiveChessVersion "1.4.8"]

1. c4 {[%clk 1:30:57]} e5 {[%clk 1:30:38]} 2. Nc3 {[%clk 1:31:20]} Nf6
{[%clk 1:31:00]} 3. g3 {[%clk 1:31:40]} d5 {[%clk 1:31:23]} 4. cxd5
{[%clk 1:32:04]} Nxd5 {[%clk 1:31:50]} 5. Bg2 {[%clk 1:32:26]} Nb6
{[%clk 1:32:16]} 6. Nf3 {[%clk 1:31:59]} Nc6 {[%clk 1:32:40]} 7. O-O
{[%clk 1:32:05]} Be7 {[%clk 1:33:00]} 8. a3 {[%clk 1:31:28]} O-O {[%clk 1:31:37]}
9. b4 {[%clk 1:28:31]} Be6 {[%clk 1:31:20]} 10. d3 {[%clk 1:26:56]} a5
{[%clk 1:31:12]} 11. b5 {[%clk 1:25:37]} Nd4 {[%clk 1:31:31]} 12. Nxd4
{[%clk 1:16:39]} exd4 {[%clk 1:30:59]} 13. Na4 {[%clk 1:16:15]} Bd5
{[%clk 1:29:21]} 14. Nxb6 {[%clk 1:12:59]} cxb6 {[%clk 1:29:42]} 15. Bh3
{[%clk 1:05:01]} a4 {[%clk 1:25:51]} 16. Bf4 {[%clk 0:55:46]} Qe8
{[%clk 1:23:45]} 17. Qc1 {[%clk 0:53:59]} Bc5 {[%clk 1:22:21]} 18. Qb2
{[%clk 0:48:04]} Bb3 {[%clk 1:19:49]} 19. Bg2 {[%clk 0:47:59]} Qd7
{[%clk 1:19:59]} 20. Bd2 {[%clk 0:44:11]} Rfe8 {[%clk 1:15:25]} 21. Rfe1
{[%clk 0:44:02]} Re7 {[%clk 1:15:25]} 22. Bg5 {[%clk 0:38:45]} f6
{[%clk 1:15:46]} 23. Bd2 {[%clk 0:39:28]} Rd8 {[%clk 1:15:05]} 24. h4
{[%clk 0:38:13]} Qxb5 {[%clk 1:14:53]} 25. Bf3 {[%clk 0:30:30]} Qd7
{[%clk 1:14:28]} 26. Bf4 {[%clk 0:29:31]} b5 {[%clk 1:12:18]} 27. Rec1
{[%clk 0:26:02]} b6 {[%clk 1:12:21]} 28. Qd2 {[%clk 0:19:59]} Rde8
{[%clk 1:09:54]} 29. Qb2 {[%clk 0:19:46]} Qe6 {[%clk 1:09:04]} 30. Bh5
{[%clk 0:18:01]} g6 {[%clk 1:07:44]} 31. Bf3 {[%clk 0:18:26]} Qd7
{[%clk 1:07:56]} 32. Rab1 {[%clk 0:16:35]} Kg7 {[%clk 1:07:27]} 33. Kg2
{[%clk 0:12:54]} h6 {[%clk 1:03:55]} 34. Qd2 {[%clk 0:13:08]} h5 {[%clk 1:03:34]}
35. Qb2 {[%clk 0:13:31]} Qf5 {[%clk 0:58:20]} 36. Kg1 {[%clk 0:09:36]} g5
{[%clk 0:54:31]} 37. hxg5 {[%clk 0:08:54]} fxg5 {[%clk 0:54:34]} 38. Be4
{[%clk 0:05:10]} Rxe4 {[%clk 0:52:49]} 39. dxe4 {[%clk 0:05:38]} Rxe4
{[%clk 0:53:10]} 40. Bc7 {[%clk 0:02:14]} Re7 {[%clk 0:50:39]} 41. Bd6
{[%clk 0:28:30]} Bxd6 {[%clk 1:20:52]} 42. Qxd4+ {[%clk 0:28:58]} Qe5
{[%clk 1:11:27]} 43. Qxb6 {[%clk 0:28:35]} Bxa3 {[%clk 1:11:04]} 44. Rc6
{[%clk 0:25:49]} Qe4 {[%clk 1:10:46]} 45. Rxb3 {[%clk 0:22:17]} axb3
{[%clk 1:11:07]} 46. Qxb5 {[%clk 0:22:41]} Re5 {[%clk 1:07:14]} 47. Rc7+
{[%clk 0:22:46]} Be7 {[%clk 1:07:19]} 48. Qxb3 {[%clk 0:23:11]} Qxe2
{[%clk 1:07:21]} 49. Rc8 {[%clk 0:20:27]} Qe1+ {[%clk 1:07:32]} 50. Kg2
{[%clk 0:20:51]} Qe4+ {[%clk 1:07:56]} 51. Kh2 {[%clk 0:19:52]} Re6
{[%clk 1:06:39]} 52. Qc3+ {[%clk 0:19:27]} Qe5 {[%clk 1:06:43]} 53. Qxe5+
{[%clk 0:16:47]} Rxe5 {[%clk 1:07:05]} 54. Kg2 {[%clk 0:16:59]} Rc5
{[%clk 1:06:11]} 55. Ra8 {[%clk 0:16:46]} Bf6 {[%clk 1:06:28]} 56. Ra7+
{[%clk 0:14:22]} Kg6 {[%clk 1:06:34]} 57. Rb7 {[%clk 0:14:43]} Rc2
{[%clk 1:06:58]} 58. Rd7 {[%clk 0:15:04]} Kf5 {[%clk 1:06:11]} 59. Kf3
{[%clk 0:14:53]} Rc3+ {[%clk 1:06:24]} 60. Kg2 {[%clk 0:15:03]} g4
{[%clk 1:05:46]} 0-1

[Event "MARIENBAD OPEN 2020 - A, B - closed tournaments"]
[Site "?"]
[Date "2020.01.21"]
[Round "5"]
[White "Quesada Vera, Liordis"]
[Black "Laxman, R.R."]
[Result "0-1"]
[BlackElo "2441"]
[WhiteElo "2386"]
[LiveChessVersion "1.4.8"]

1. Nf3 {[%clk 1:26:08]} Nf6 {[%clk 1:30:54]} 2. g3 {[%clk 1:26:16]} d5
{[%clk 1:31:16]} 3. Bg2 {[%clk 1:26:37]} Nbd7 {[%clk 1:31:42]} 4. d4
{[%clk 1:15:22]} b5 {[%clk 1:32:01]} 5. Nc3 {[%clk 0:52:19]} b4 {[%clk 1:31:36]}
6. Na4 {[%clk 0:52:35]} e6 {[%clk 1:31:56]} 7. O-O {[%clk 0:48:03]} Be7
{[%clk 1:31:27]} 8. c4 {[%clk 0:46:11]} bxc3 {[%clk 1:31:25]} 9. Nxc3
{[%clk 0:45:54]} O-O {[%clk 1:26:04]} 10. Bf4 {[%clk 0:46:18]} c5
{[%clk 1:25:46]} 11. Rc1 {[%clk 0:32:06]} Bb7 {[%clk 1:24:49]} 12. dxc5
{[%clk 0:23:38]} Nxc5 {[%clk 1:24:02]} 13. b4 {[%clk 0:23:04]} Nce4
{[%clk 1:24:03]} 14. Nb5 {[%clk 0:14:40]} Qb6 {[%clk 1:15:18]} 15. Nc7
{[%clk 0:09:59]} Rac8 {[%clk 1:15:35]} 16. a3 {[%clk 0:09:35]} Ng4
{[%clk 1:15:04]} 17. Qd4 {[%clk 0:06:35]} g5 {[%clk 1:09:14]} 18. Be3
{[%clk 0:00:46]} Nxe3 {[%clk 1:09:29]} 19. fxe3 {[%clk 0:01:14]} g4
{[%clk 1:08:19]} 20. Ne5 {[%clk 0:00:58]} Qxd4 {[%clk 1:06:37]} 21. exd4
{[%clk 0:01:15]} Bg5 {[%clk 1:07:06]} 22. Bxe4 {[%clk 0:01:11]} Bxc1
{[%clk 1:06:17]} 23. Rxc1 {[%clk 0:01:01]} dxe4 {[%clk 1:06:45]} 24. Rc5
{[%clk 0:01:13]} e3 {[%clk 1:05:20]} 25. Nxg4 {[%clk 0:00:45]} Rfd8
{[%clk 1:05:45]} 26. d5 {[%clk 0:00:46]} exd5 {[%clk 1:05:55]} 27. Nxe3
{[%clk 0:00:55]} Rd7 {[%clk 1:05:28]} 28. Nb5 {[%clk 0:00:39]} Re8
{[%clk 1:02:10]} 29. Ng4 {[%clk 0:00:46]} Kg7 {[%clk 1:02:33]} 30. Kf2
{[%clk 0:00:36]} Re4 {[%clk 1:00:25]} 31. Ne3 {[%clk 0:00:43]} Kg6
{[%clk 1:00:49]} 32. Ng2 {[%clk 0:00:42]} a6 {[%clk 1:00:18]} 33. Nc3
{[%clk 0:01:00]} Rc4 {[%clk 1:00:33]} 34. Na4 {[%clk 0:01:14]} Bc6
{[%clk 0:59:51]} 35. Ra5 {[%clk 0:01:06]} Bxa4 {[%clk 0:59:54]} 36. Rxa4
{[%clk 0:01:30]} Rd6 {[%clk 0:59:52]} 37. Ra5 {[%clk 0:01:43]} d4
{[%clk 0:59:30]} 38. Nf4+ {[%clk 0:00:45]} Kf6 {[%clk 0:59:46]} 39. Kf3
{[%clk 0:00:59]} Rc2 {[%clk 0:58:54]} 40. h4 {[%clk 0:01:09]} Rc3+
{[%clk 0:58:51]} 41. Kf2 {[%clk 0:01:22]} Kg7 {[%clk 0:59:04]} 42. Rg5+
{[%clk 0:25:33]} Kf8 {[%clk 1:27:18]} 43. Ra5 {[%clk 0:22:51]} Rb3
{[%clk 1:26:48]} 44. Nd3 {[%clk 0:18:00]} Rc3 {[%clk 1:26:45]} 45. Kf3
{[%clk 0:17:51]} Rc2 {[%clk 1:27:08]} 46. Nf4 {[%clk 0:12:23]} Rc3+
{[%clk 1:26:21]} 47. Kf2 {[%clk 0:12:49]} Rdc6 {[%clk 1:25:22]} 48. Kg2
{[%clk 0:11:32]} Rb3 {[%clk 1:25:20]} 49. Nd3 {[%clk 0:10:19]} Rbc3
{[%clk 1:23:35]} 50. a4 {[%clk 0:05:36]} Ra3 {[%clk 1:23:16]} 51. Kf3
{[%clk 0:05:10]} Re6 {[%clk 1:23:30]} 52. Kf2 {[%clk 0:05:22]} Rf6+
{[%clk 1:23:13]} 53. Nf4 {[%clk 0:04:26]} Rb3 {[%clk 1:21:24]} 54. b5
{[%clk 0:04:43]} axb5 {[%clk 1:21:48]} 55. axb5 {[%clk 0:05:08]} Rf5
{[%clk 1:21:13]} 56. Ra8+ {[%clk 0:05:11]} Ke7 {[%clk 1:21:21]} 57. Rh8
{[%clk 0:05:14]} d3 {[%clk 1:20:03]} 58. exd3 {[%clk 0:05:22]} Rxd3
{[%clk 1:20:30]} 59. Rxh7 {[%clk 0:04:59]} Rb3 {[%clk 1:20:58]} 60. Kg2
{[%clk 0:04:52]} Rfxb5 {[%clk 1:21:13]} 61. Rg7 {[%clk 0:04:12]} Kf6
{[%clk 1:21:26]} 62. Rg8 {[%clk 0:04:27]} Kf5 {[%clk 1:21:30]} 63. Kh3
{[%clk 0:04:09]} Ke4 {[%clk 1:21:04]} 64. Re8+ {[%clk 0:04:18]} Kf3
{[%clk 1:21:05]} 65. Re7 {[%clk 0:02:17]} Rb1 {[%clk 1:20:58]} 66. Re2
{[%clk 0:01:48]} Rg1 {[%clk 1:19:56]} 67. Ra2 {[%clk 0:01:07]} Rxg3+
{[%clk 1:17:07]} 68. Kh2 {[%clk 0:01:37]} Rg4 {[%clk 1:16:45]} 69. Ng2
{[%clk 0:00:46]} Rgb4 {[%clk 1:16:05]} 70. Ra3+ Rb3 {[%clk 1:16:02]} 71. Ra4
{[%clk 0:00:52]} R5b4 {[%clk 1:15:36]} 72. Ra5 {[%clk 0:00:49]} Ke4
{[%clk 1:15:13]} 73. Ra7 {[%clk 0:00:46]} Rb7 {[%clk 1:15:21]} 74. Ra8
{[%clk 0:01:06]} f5 {[%clk 1:15:39]} 75. Re8+ {[%clk 0:00:33]} Kf3
{[%clk 1:15:09]} 76. Rf8 {[%clk 0:00:44]} R7b5 {[%clk 1:15:24]} 77. Re8
{[%clk 0:00:35]} f4 {[%clk 1:14:31]} 78. Rf8 {[%clk 0:00:34]} R5b4
{[%clk 1:14:42]} 79. Kh3 {[%clk 0:00:35]} Kf2+ {[%clk 1:14:56]} 80. Kh2
{[%clk 0:00:51]} Kf3 {[%clk 1:14:26]} 81. Kh3 {[%clk 0:00:35]} Rb1
{[%clk 1:14:50]} 82. Kh2 {[%clk 0:00:59]} R1b2 {[%clk 1:14:57]} 83. Rg8
{[%clk 0:01:25]} Re2 {[%clk 1:15:07]} 0-1

[Event "MARIENBAD OPEN 2020 - C - FIDE open"]
[Site "the Continental hotel, Marians"]
[Date "2020.01.21"]
[Round "5"]
[White "KOLBUS, Dietmar"]
[Black "TSOTSONAVA, Elene"]
[Result "1-0"]
[WhiteElo "2294"]
[BlackElo "2078"]
[PlyCount "41"]
[EventDate "2020.01.18"]

1. c4 e5 2. g3 Nf6 3. Bg2 c6 4. Nf3 e4 5. Nd4 d5 6. cxd5 Qxd5 7. Nb3 Qh5 8. h3
Qg6 9. Nc3 Bd6 10. d3 exd3 11. e4 O-O 12. Qxd3 Nfd7 13. f4 Bc5 14. Bd2 b5 15.
O-O-O Ba6 16. Qf3 b4 17. Ne2 Qe6 18. Kb1 Rd8 19. Be3 Be7 20. Ned4 Qc4 21. Bf1
1-0

[Event "MARIENBAD OPEN 2020 - C - FIDE open"]
[Site "the Continental hotel, Marians"]
[Date "2020.01.21"]
[Round "5"]
[White "ADRIAN, Claude"]
[Black "KAUSHIK, G Iyer"]
[Result "1/2-1/2"]
[WhiteElo "2261"]
[BlackElo "1781"]
[PlyCount "33"]
[EventDate "2020.01.18"]

1. Nf3 Nf6 2. c4 e6 3. g3 d5 4. d4 Be7 5. Bg2 O-O 6. O-O dxc4 7. Ne5 c5 8. dxc5
Qc7 9. Nxc4 Bxc5 10. Nba3 e5 11. Bg5 Rd8 12. Qb3 Qe7 13. Bxf6 Qxf6 14. Bxb7
Bxb7 15. Qxb7 Nc6 16. Qb5 Bxa3 17. Nxa3 1/2-1/2

[Event "MARIENBAD OPEN 2020 - C - FIDE open"]
[Site "the Continental hotel, Marians"]
[Date "2020.01.21"]
[Round "5"]
[White "HELD, Martin"]
[Black "ARNDT, Stefan"]
[Result "0-1"]
[WhiteElo "1880"]
[BlackElo "2199"]
[PlyCount "50"]
[EventDate "2020.01.18"]

1. e4 e5 2. Nf3 Nc6 3. Bc4 Nf6 4. d4 exd4 5. O-O Bc5 6. e5 d5 7. exf6 dxc4 8.
fxg7 Rg8 9. Re1+ Be6 10. Bg5 Be7 11. Bxe7 Qxe7 12. Nxd4 Rd8 13. c3 Rxg7 14. Qa4
Rxg2+ 15. Kxg2 Bh3+ 16. Kxh3 Qxe1 17. Qxc4 Nxd4 18. cxd4 Rd6 19. Qb5+ Kf8 20.
Qc5 b6 21. Qa3 Qf1+ 22. Kg3 Kg7 23. Qc3 Rg6+ 24. Kf3 Rf6+ 25. Ke4 Qe2+ 0-1

[Event "MARIENBAD OPEN 2020 - C - FIDE open"]
[Site "the Continental hotel, Marians"]
[Date "2020.01.21"]
[Round "5"]
[White "DUZY, Stefan"]
[Black "ZHUK, Kirill"]
[Result "1/2-1/2"]
[WhiteElo "1931"]
[BlackElo "1788"]
[PlyCount "31"]
[EventDate "2020.01.18"]

1. e4 e5 2. Nf3 Nc6 3. Nc3 Nf6 4. Bb5 Bb4 5. O-O O-O 6. d3 d6 7. Ne2 Ne7 8. c3
Ba5 9. Ng3 Ng6 10. d4 exd4 11. cxd4 Bb6 12. h3 h6 13. Re1 Bd7 14. Bd3 Nh7 15.
Be3 Nh4 16. Nxh4 1/2-1/2

[Event "MARIENBAD OPEN 2020 - C - FIDE open"]
[Site "the Continental hotel, Marians"]
[Date "2020.01.21"]
[Round "5"]
[White "0, Anders"]
[Black "PAVLICEK, Lukas"]
[Result "1-0"]
[WhiteElo "1790"]
[BlackElo "1917"]
[PlyCount "38"]
[EventDate "2020.01.18"]

1. e4 c5 2. c3 d5 3. exd5 Qxd5 4. d4 Nf6 5. Nf3 Bg4 6. Be2 e6 7. Na3 Nc6 8. O-O
Be7 9. h3 Bh5 10. Be3 cxd4 11. Nb5 Rc8 12. Nfxd4 Nxd4 13. Nxd4 Bxe2 14. Qxe2
O-O 15. Rfd1 Qa5 16. Nb3 Qe5 17. Qf3 b6 18. Nd4 Qh5 19. Qb7 Nd5 1-0

[Event "MARIENBAD OPEN 2020 - C - FIDE open"]
[Site "the Continental hotel, Marians"]
[Date "2020.01.21"]
[Round "5"]
[White "BURDA, Otto"]
[Black "ADRIAN, Leopold"]
[Result "1/2-1/2"]
[WhiteElo "1804"]
[BlackElo "2033"]
[PlyCount "34"]
[EventDate "2020.01.18"]

1. d4 Nf6 2. c4 c5 3. d5 b5 4. cxb5 a6 5. bxa6 g6 6. Nc3 Bxa6 7. Nf3 Bg7 8. g3
O-O 9. Bg2 d6 10. O-O Nbd7 11. Qc2 Qa5 12. Bd2 Rfb8 13. b3 Nb6 14. Rad1 c4 15.
h3 Nfxd5 16. e4 Nf6 17. Ne2 Nfd7 1/2-1/2

[Event "MARIENBAD OPEN 2020 - C - FIDE open"]
[Site "the Continental hotel, Marians"]
[Date "2020.01.21"]
[Round "5"]
[White "BARTONICEK, Zdenek"]
[Black "TEDEEVA, Olga"]
[Result "1-0"]
[WhiteElo "1945"]
[BlackElo "1289"]
[PlyCount "53"]
[EventDate "2020.01.18"]

1. e4 e5 2. Nf3 Nc6 3. Bb5 Nf6 4. O-O Nxe4 5. d4 Nd6 6. Bxc6 dxc6 7. dxe5 Nf5
8. Qxd8+ Kxd8 9. Nc3 g6 10. Ne4 Be7 11. Nf6 Bxf6 12. exf6 Re8 13. Bf4 Re4 14.
Rad1+ Bd7 15. Ne5 Nd6 16. Bg3 Re2 17. Rfe1 Rxc2 18. Nxd7 Kxd7 19. Re7+ Kd8 20.
Bxd6 cxd6 21. Rxd6+ Kc8 22. f3 Rxb2 23. Rxf7 Rb8 24. Rxh7 b5 25. f7 Kb7 26.
f8=Q+ Ka6 27. Qxb8 1-0

[Event "MARIENBAD OPEN 2020 - C - FIDE open"]
[Site "the Continental hotel, Marians"]
[Date "2020.01.21"]
[Round "5"]
[White "HOERHOLD, Karola"]
[Black "DANKO, Jiri"]
[Result "1/2-1/2"]
[WhiteElo "1705"]
[BlackElo "1876"]
[PlyCount "39"]
[EventDate "2020.01.18"]

1. e4 e5 2. Nf3 Nc6 3. Bc4 Nf6 4. d4 exd4 5. e5 d5 6. Bb5 Ne4 7. Nxd4 Bc5 8.
Be3 Bd7 9. Bxc6 bxc6 10. O-O Bb6 11. f3 Ng5 12. f4 Ne4 13. a4 a5 14. c4 Qe7 15.
Nd2 f5 16. Nxe4 dxe4 17. Qb3 Bc5 18. Rad1 O-O 19. Qc2 g5 20. Qf2 1/2-1/2

[Event "MARIENBAD OPEN 2020 - C - FIDE open"]
[Site "the Continental hotel, Marians"]
[Date "2020.01.21"]
[Round "5"]
[White "PAWICKA, Magdalena"]
[Black "DIXA, Stanislaw"]
[Result "1-0"]
[WhiteElo "1860"]
[BlackElo "1533"]
[PlyCount "51"]
[EventDate "2020.01.18"]

1. e4 e5 2. Nf3 Nf6 3. Nxe5 d6 4. Nf3 Nxe4 5. d3 Nf6 6. d4 d5 7. Bd3 Be7 8. O-O
Bg4 9. h3 Bh5 10. Bf4 Nc6 11. c3 Qd7 12. Nbd2 O-O-O 13. b4 g5 14. Qc2 Ne4 15.
Nxe4 dxe4 16. Bxe4 Bg6 17. Bxg6 hxg6 18. Nxg5 Qd5 19. Qe2 Kb8 20. Nf3 Rde8 21.
Ne5 Nxe5 22. dxe5 Bf6 23. Rad1 Qe6 24. Qb5 Bxe5 25. Bxe5 Qxe5 26. Rd8+ 1-0

[Event "MARIENBAD OPEN 2020 - C - FIDE open"]
[Site "the Continental hotel, Marians"]
[Date "2020.01.21"]
[Round "5"]
[White "ANYA, Seth Syed"]
[Black "GUPTA, Sara"]
[Result "1-0"]
[WhiteElo "1395"]
[BlackElo "1645"]
[PlyCount "69"]
[EventDate "2020.01.18"]

1. e4 c5 2. Nf3 d6 3. d4 cxd4 4. Nxd4 Nf6 5. Nc3 g6 6. Be3 Bg7 7. f3 O-O 8. Qd2
Nc6 9. g4 Nxd4 10. Bxd4 Be6 11. Nd5 Bxd5 12. exd5 Qc7 13. h4 Rfc8 14. Rh2 a6
15. O-O-O b5 16. h5 Rab8 17. hxg6 hxg6 18. Kb1 a5 19. g5 Nh5 20. Bh3 Rd8 21.
Bg4 Qc4 22. Bxg7 Kxg7 23. Bxh5 gxh5 24. b3 Qc5 25. Qe2 Qc7 26. f4 Rh8 27. Rdh1
Rbc8 28. f5 f6 29. g6 h4 30. Rxh4 Rxh4 31. Rxh4 Rh8 32. Rxh8 Kxh8 33. Qh5+ Kg7
34. Qh7+ Kf8 35. Qf7# 1-0

[Event "MARIENBAD OPEN 2020 - D - Open Seniors T"]
[Site "the Continental hotel, Hlavni "]
[Date "2020.01.21"]
[Round "5"]
[White "PALDUS, Petr"]
[Black "GRICHKEVITCH, Gilles"]
[Result "1/2-1/2"]
[WhiteElo "1958"]
[BlackElo "1985"]
[PlyCount "29"]
[EventDate "2020.01.18"]

1. e4 c5 2. Nf3 e6 3. a3 Nf6 4. e5 Nd5 5. d4 d6 6. Nc3 Nxc3 7. bxc3 Qc7 8. Be2
Be7 9. Bd3 Nc6 10. O-O Bd7 11. exd6 Bxd6 12. h3 Bf4 13. Bxf4 Qxf4 14. Qd2 Qxd2
15. Nxd2 1/2-1/2

[Event "MARIENBAD OPEN 2020 - D - Open Seniors T"]
[Site "the Continental hotel, Hlavni "]
[Date "2020.01.21"]
[Round "5"]
[White "STERN, Geoffrey"]
[Black "CHMELIK, Jiri"]
[Result "1/2-1/2"]
[WhiteElo "2007"]
[BlackElo "1958"]
[PlyCount "36"]
[EventDate "2020.01.18"]

1. d4 Nf6 2. Nc3 d5 3. Bf4 c6 4. e3 Bf5 5. f3 Nh5 6. Bg5 h6 7. Bh4 g5 8. Bf2
Nf6 9. g4 Bg6 10. Bd3 Bxd3 11. Qxd3 Nbd7 12. h4 Rg8 13. Nge2 e6 14. hxg5 hxg5
15. a3 Qc7 16. Bg3 Bd6 17. Bxd6 Qxd6 18. O-O-O O-O-O 1/2-1/2

[Event "MARIENBAD OPEN 2020 - D - Open Seniors T"]
[Site "the Continental hotel, Hlavni "]
[Date "2020.01.21"]
[Round "5"]
[White "SIMECEK, Jan"]
[Black "PALKOVA, Hana"]
[Result "1/2-1/2"]
[WhiteElo "1792"]
[BlackElo "1874"]
[PlyCount "34"]
[EventDate "2020.01.18"]

1. d4 d5 2. c4 e6 3. Nc3 Nf6 4. Bg5 Nbd7 5. e3 c6 6. Nf3 Qa5 7. Bxf6 Nxf6 8. a3
Ne4 9. Rc1 Be7 10. Bd3 f5 11. Ne5 O-O 12. f3 Bh4+ 13. g3 Nxc3 14. Rxc3 Bf6 15.
f4 Bxe5 16. fxe5 Bd7 17. O-O Rac8 1/2-1/2

[Event "MARIENBAD OPEN 2020 - D - Open Seniors T"]
[Site "the Continental hotel, Hlavni "]
[Date "2020.01.21"]
[Round "5"]
[White "BERKA, Lubos"]
[Black "AIRD, Ian"]
[Result "1/2-1/2"]
[WhiteElo "1689"]
[BlackElo "1857"]
[PlyCount "48"]
[EventDate "2020.01.18"]

1. e4 c5 2. Nc3 Nc6 3. g3 g6 4. Bg2 Bg7 5. d3 d6 6. Nge2 e5 7. O-O Nge7 8. Bg5
f6 9. Be3 O-O 10. Qd2 Nd4 11. f4 Be6 12. fxe5 dxe5 13. Rf2 Qd7 14. Raf1 Rf7 15.
Bh6 Raf8 16. Bxg7 Kxg7 17. b3 b5 18. a4 a6 19. axb5 axb5 20. Nxd4 cxd4 21. Na2
Nc6 22. Nb4 Nxb4 23. Qxb4 Ra8 24. Rc1 Ra6 1/2-1/2

[Event "MARIENBAD OPEN 2020 - D - Open Seniors T"]
[Site "the Continental hotel, Hlavni "]
[Date "2020.01.21"]
[Round "5"]
[White "SVEC, Ludek"]
[Black "KALVEUS, Jan"]
[Result "1/2-1/2"]
[WhiteElo "1617"]
[BlackElo "1808"]
[PlyCount "74"]
[EventDate "2020.01.18"]

1. d4 Nf6 2. Nf3 e6 3. g3 b6 4. Bg2 Bb7 5. O-O Be7 6. c4 d5 7. Nc3 O-O 8. Ne5
c6 9. Qa4 Nfd7 10. Bf4 Nxe5 11. Bxe5 Nd7 12. Bf4 g5 13. Bd2 f5 14. Rad1 h6 15.
Bc1 Nf6 16. f4 g4 17. Be3 h5 18. Bf2 Rf7 19. a3 Rh7 20. Na2 Qe8 21. Nc1 h4 22.
Nd3 hxg3 23. Bxg3 b5 24. cxb5 cxb5 25. Qb3 Bd6 26. Rc1 Ne4 27. Rc2 Rc8 28. Rxc8
Bxc8 29. Rc1 Rc7 30. Rxc7 Bxc7 31. Qc2 Bb6 32. Nc5 Nxg3 33. hxg3 Qc6 34. b4 Kf7
35. Kf2 Bd8 36. Qd1 Qe8 37. Qh1 Kg7 1/2-1/2

[Event "MARIENBAD OPEN 2020 - D - Open Seniors T"]
[Site "the Continental hotel, Hlavni "]
[Date "2020.01.21"]
[Round "5"]
[White "TAMAS, Imrich"]
[Black "PICHLER, Gerhard"]
[Result "0-1"]
[WhiteElo "1520"]
[BlackElo "1715"]
[PlyCount "45"]
[EventDate "2020.01.18"]

1. d4 Nf6 2. c4 e6 3. Nc3 d5 4. cxd5 exd5 5. Bg5 Be7 6. Nf3 O-O 7. e3 c6 8. Bd3
h6 9. Bh4 Be6 10. O-O Nbd7 11. h3 a6 12. a3 Rc8 13. Rc1 Re8 14. Na4 b5 15. Nc5
Nxc5 16. dxc5 Nd7 17. b4 Bxh4 18. Kh2 Bf6 19. Rc2 Ne5 20. Nxe5 Bxe5+ 21. f4 Bc7
22. g3 d4 23. e4 0-1

[Event "MARIENBAD OPEN 2020 - D - Open Seniors T"]
[Site "the Continental hotel, Hlavni "]
[Date "2020.01.21"]
[Round "5"]
[White "WACKER, Manfred"]
[Black "SONNTAGBAUER, Manfred"]
[Result "1-0"]
[WhiteElo "1747"]
[BlackElo "1431"]
[PlyCount "49"]
[EventDate "2020.01.18"]

1. d4 d5 2. c4 Nf6 3. Nc3 e6 4. Nf3 Be7 5. Bf4 Bd6 6. Bxd6 Qxd6 7. e3 a6 8. c5
Qd8 9. Bd3 O-O 10. O-O h6 11. Rc1 Nc6 12. a3 Bd7 13. h3 Re8 14. e4 dxe4 15.
Nxe4 Nxe4 16. Bxe4 Qf6 17. b4 Rad8 18. Rc2 g6 19. Rd2 Kg7 20. Re1 b5 21. Re3
Nb8 22. Ne5 Rf8 23. Rf3 Qe7 24. Rg3 Be8 25. Qh5 1-0

[Event "MARIENBAD OPEN 2020 - D - Open Seniors T"]
[Site "the Continental hotel, Hlavni "]
[Date "2020.01.21"]
[Round "5"]
[White "KOSINA, Vladimir"]
[Black "RYCHTECKY, Pavel"]
[Result "1/2-1/2"]
[WhiteElo "1647"]
[BlackElo "1606"]
[PlyCount "44"]
[EventDate "2020.01.18"]

1. c4 Nf6 2. Nf3 c6 3. Nc3 e6 4. a3 d5 5. e3 Nbd7 6. b4 dxc4 7. Bxc4 Nb6 8. Qb3
Nxc4 9. Qxc4 Bd7 10. Bb2 Be7 11. O-O O-O 12. Rfc1 a6 13. Ne5 Be8 14. Qe2 Qc7
15. f4 Bd6 16. Ng4 Nxg4 17. Qxg4 f5 18. Qg3 Qf7 19. Na4 Rd8 20. Bd4 Qg6 21. Qf2
Bd7 22. Ra2 Bc7 1/2-1/2

[Event "MARIENBAD OPEN 2020 - D - Open Seniors T"]
[Site "the Continental hotel, Hlavni "]
[Date "2020.01.21"]
[Round "5"]
[White "GRIEC, Milan"]
[Black "DOLEZAL, Rudolf"]
[Result "1/2-1/2"]
[WhiteElo "1587"]
[BlackElo "1645"]
[PlyCount "55"]
[EventDate "2020.01.18"]

1. c4 e6 2. d4 Nf6 3. e3 Bb4+ 4. Nc3 Ne4 5. Bd2 Nxd2 6. Qxd2 O-O 7. a3 Be7 8.
Nf3 c6 9. Bd3 d5 10. cxd5 exd5 11. O-O Nd7 12. b4 Nf6 13. Rfe1 Bd6 14. Qc2 Bg4
15. Be2 Re8 16. Kh1 Qc7 17. g3 Bh3 18. Bf1 Qc8 19. Bg2 Bxg2+ 20. Kxg2 Qg4 21.
Qd1 Re7 22. Ng1 Qg6 23. Qb1 Qh5 24. Qd1 Qh6 25. Nf3 Rae8 26. Nh4 Qg5 27. Nf3
Qg4 28. Ng1 1/2-1/2